[Event "New York State Scholastic-ch"]
[Site "New York"]
[Date "2025.03.16"]
[Round "5"]
[White "Cheng, Kyle"]
[Black "Guillemette, Hugo"]
[Result "1-0"]
[WhiteElo "1638"]
[BlackElo "2174"]
[PlyCount "107"]
[EventDate "2025.03.15"]
[EventType "swiss"]
[EventRounds "6"]
[EventCountry "USA"]
[SourceTitle "CB12_2025"]
[SourceDate "2025.03.19"]
[SourceVersion "1"]
[SourceVersionDate "2025.03.19"]
[SourceQuality "1"]

1. e4 c5 2. Nf3 e6 3. d4 cxd4 4. Nxd4 Nc6 5. Nc3 Qc7 6. Be3 a6 7. Qf3 Nf6 8. Qg3 Ne5 9. f4 Nc4 10. Bxc4 Qxc4 11. e5 Nd5 12. Nxd5 Qxd5 13. 0-0 g6 14. c4 Qa5 15. Nb3 Qc7 16. c5 Be7 17. Bd4 0-0 18. Qc3 a5 19. a4 Ra6 20. Nd2 Qc6 21. Rfe1 b6 22. cxb6 Bb4 23. Qxc6 dxc6 24. Ne4 Bxe1 25. Rxe1 Rd8 26. Nd6 c5 27. Bxc5 Bd7 28. Rc1 Rb8 29. b3 Bc6 30. Bd4 Bd5 31. Rc8+ Rxc8 32. Nxc8 Ra8 33. Nd6 Rd8 34. Bc3 Ra8 35. b7 Rb8 36. Bxa5 Bxb7 37. Bc7 Ra8 38. Nxb7 Ra7 39. Nc5 Rxc7 40. b4 Kf8 41. Kf2 Ke7 42. Ke3 Kd8 43. Kd4 Kc8 44. b5 Re7 45. b6 Re8 46. Ne4 Re7 47. Nd6+ Kb8 48. a5 Rd7 49. Kc5 Rd8 50. a6 Rd7 51. Kc6 Rd8 52. a7+ Ka8 53. Nb5 Rc8+ 54. Nc7+ 1-0

[Event "New York State Scholastic-ch"]
[Site "New York"]
[Date "2025.03.16"]
[Round "6"]
[White "Shin, Luke"]
[Black "Guillemette, Hugo"]
[Result "0-1"]
[WhiteElo "1789"]
[BlackElo "2174"]
[PlyCount "100"]
[EventDate "2025.03.15"]
[EventType "swiss"]
[EventRounds "6"]
[EventCountry "USA"]
[SourceTitle "CB12_2025"]
[SourceDate "2025.03.19"]
[SourceVersion "1"]
[SourceVersionDate "2025.03.19"]
[SourceQuality "1"]

1. Nf3 c5 2. g3 b6 3. Bg2 Bb7 4. 0-0 e6 5. c4 Nf6 6. b3 Be7 7. Bb2 Qc7 8. d4 cxd4 9. Nxd4 Bxg2 10. Kxg2 a6 11. Nc3 d6 12. e3 Nbd7 13. Qf3 Rc8 14. Rfd1 0-0 15. Rd2 Ne5 16. Qe2 Qb7+ 17. e4 Rfe8 18. f3 Bf8 19. f4 Ned7 20. Nc2 Nc5 21. Re1 d5 22. b4 Ncxe4 23. Nxe4 Nxe4 24. Rd4 Nd6 25. Qf3 Nxc4 26. Ba1 Qc6 27. Re2 Nd6 28. a3 Ne4 29. Rd3 Qa4 30. Ne3 Be7 31. f5 Bf6 32. fxe6 fxe6 33. Bxf6 Nxf6 34. Ng4 Nxg4 35. Qxg4 Rc2 36. Rde3 Rxe2+ 37. Qxe2 Qc6 38. Re5 d4+ 39. Qf3 Qd6 40. Re2 e5 41. Qe4 b5 42. Rd2 Rd8 43. Rd3 Qd5 44. Qxd5+ Rxd5 45. Kf3 Kf7 46. Ke4 Ke6 47. g4 Rd7 48. h4 Rf7 49. Rg3 Rf4+ 50. Kd3 Kd5 0-1

[Event "New York State Scholastic-ch"]
[Site "New York"]
[Date "2025.03.15"]
[Round "3"]
[White "Guillemette, Hugo"]
[Black "Paragua, Dominic Nathan"]
[Result "1-0"]
[WhiteElo "2174"]
[BlackElo "2118"]
[PlyCount "99"]
[EventDate "2025.03.15"]
[EventType "swiss"]
[EventRounds "6"]
[EventCountry "USA"]
[SourceTitle "CB12_2025"]
[SourceDate "2025.03.19"]
[SourceVersion "1"]
[SourceVersionDate "2025.03.19"]
[SourceQuality "1"]

1. e4 c5 2. Nf3 Nf6 3. e5 Nd5 4. Nc3 e6 5. Nxd5 exd5 6. d4 Nc6 7. dxc5 Bxc5 8. Bd3 d6 9. exd6 Qxd6 10. 0-0 Be6 11. c3 Bb6 12. Qc2 h6 13. Re1 0-0 14. Be3 Bxe3 15. Rxe3 Rfe8 16. Rae1 Rac8 17. Qd2 Red8 18. Nd4 Nxd4 19. cxd4 Re8 20. Bb1 Bd7 21. Qd3 g6 22. Rxe8+ Rxe8 23. Rxe8+ Bxe8 24. Qe3 Bb5 25. h4 h5 26. Bc2 Qf6 27. Bb3 Bc6 28. g3 Qf5 29. Kg2 Qb1 30. Qf3 Qxb2 31. Bxd5 Bxd5 32. Qxd5 Qb6 33. Kf3 Qc6 34. Qxc6 bxc6 35. Ke4 Kf8 36. d5 Ke7 37. dxc6 Kd6 38. c7 Kxc7 39. Ke5 Kd7 40. Kf6 Ke8 41. f3 Kf8 42. a4 a6 43. f4 Ke8 44. f5 gxf5 45. Kxf5 Ke7 46. Kg5 Ke6 47. Kxh5 Kf5 48. Kh6 Kg4 49. h5 Kxg3 50. Kg5 1-0

[Event "Montreal Pere Noel op"]
[Site "Montreal"]
[Date "2024.12.29"]
[Round "4"]
[White "Guillemette, Hugo"]
[Black "Nassif, Aba"]
[Result "1-0"]
[WhiteElo "2164"]
[BlackElo "1849"]
[PlyCount "95"]
[EventDate "2024.12.27"]
[EventType "swiss"]
[EventRounds "5"]
[EventCountry "CAN"]
[SourceTitle "CB04_2025"]
[SourceDate "2025.01.22"]
[SourceVersion "1"]
[SourceVersionDate "2025.01.22"]
[SourceQuality "1"]

1. d4 Nf6 2. c4 d6 3. Nc3 Nbd7 4. Nf3 e5 5. g3 Be7 6. Bg2 0-0 7. 0-0 Rb8 8. e4 a6 9. a4 b6 10. Re1 Bb7 11. b3 c6 12. Ba3 Qc7 13. Rc1 Rfd8 14. d5 c5 15. Nd2 Nf8 16. Nf1 Bc8 17. Ne3 Ng6 18. Rf1 Bd7 19. f4 b5 20. cxb5 axb5 21. axb5 Bxb5 22. Nxb5 Rxb5 23. Nc4 Rdb8 24. Rc3 Qb7 25. Bb2 Nd7 26. Rcf3 Nb6 27. Nd2 exf4 28. gxf4 c4 29. f5 Ne5 30. Bxe5 dxe5 31. bxc4 Rb2 32. f6 Bc5+ 33. Kh1 g6 34. Nb3 Bf8 35. Na5 Qa6 36. Nc6 Re8 37. Ne7+ Bxe7 38. fxe7 Rxe7 39. d6 Rd7 40. c5 Qa2 41. Rg3 Nc4 42. Qa1 Qxa1 43. Rxa1 Rb5 44. Ra8+ Kg7 45. Bh3 Rb1+ 46. Rg1 Rxg1+ 47. Kxg1 f5 48. exf5 1-0

[Event "Montreal Pere Noel op"]
[Site "Montreal"]
[Date "2024.12.28"]
[Round "2"]
[White "Guillemette, Hugo"]
[Black "Deboosere, Adam Moussa"]
[Result "1-0"]
[WhiteElo "2164"]
[BlackElo "1854"]
[PlyCount "117"]
[EventDate "2024.12.27"]
[EventType "swiss"]
[EventRounds "5"]
[EventCountry "CAN"]
[SourceTitle "CB04_2025"]
[SourceDate "2025.01.22"]
[SourceVersion "1"]
[SourceVersionDate "2025.01.22"]
[SourceQuality "1"]

1. d4 g6 2. c4 Bg7 3. Nc3 Nf6 4. g3 0-0 5. Bg2 d6 6. Nf3 Nbd7 7. 0-0 e5 8. e4 Re8 9. Re1 c6 10. h3 Qc7 11. d5 c5 12. Be3 a6 13. Nd2 Rb8 14. Bf1 h6 15. a3 Nh7 16. b4 f5 17. bxc5 Nxc5 18. a4 Ng5 19. h4 Ngxe4 20. Ndxe4 Nxe4 21. Nxe4 fxe4 22. c5 Bf8 23. cxd6 Qxd6 24. Rc1 Qd8 25. Qd2 Kh7 26. h5 gxh5 27. Bg2 Bf5 28. Qc2 Qxd5 29. Red1 Qf7 30. Bxe4 Bxe4 31. Qxe4+ Kh8 32. Rb1 b5 33. axb5 Rxb5 34. Rbc1 Rbb8 35. Rc6 Re6 36. Qd5 Rbe8 37. Ra1 Rf6 38. Qxf7 Rxf7 39. Raxa6 h4 40. gxh4 Rg7+ 41. Kh2 h5 42. Bg5 Rf7 43. Kg3 Bg7 44. Rg6 Ref8 45. Be3 Rf3+ 46. Kg2 R3f6 47. Raxf6 Rxf6 48. Rg5 Rh6 49. Rf5 Rh7 50. Kf3 Kg8 51. Ke4 Bh8 52. Bc5 Rh6 53. Kd5 Kh7 54. Bd6 Bf6 55. Bf8 Bg7 56. Rf7 Kg8 57. Bxg7 Rh7 58. Rc7 Rxg7 59. Rxg7+ 1-0

[Event "Wch U14"]
[Site "Florianopolis"]
[Date "2024.10.30"]
[Round "2"]
[White "Guillemette, Hugo"]
[Black "Sprincean, Lukas George"]
[Result "0-1"]
[WhiteElo "2100"]
[BlackElo "1891"]
[PlyCount "66"]
[EventDate "2024.10.29"]
[EventType "swiss"]
[EventRounds "11"]
[EventCountry "BRA"]
[SourceTitle "CB45_2024"]
[Source "ChessBase"]
[SourceDate "2024.11.06"]
[SourceVersion "1"]
[SourceVersionDate "2024.11.06"]
[SourceQuality "1"]

1. e4 c5 2. Nf3 Nc6 3. Bb5 e6 4. 0-0 Nge7 5. d4 cxd4 6. Nxd4 Ng6 7. Nc3 Be7 8. Be3 0-0 9. Qd2 Qc7 10. Rad1 a6 11. Nxc6 bxc6 12. Be2 d5 13. Na4 Rb8 14. exd5 cxd5 15. c4 dxc4 16. Rc1 Rd8 17. Qc2 Bd7 18. Bxc4 Ne5 19. Bb3 Qa5 20. Nc5 Bb5 21. Rfd1 Qb4 22. Rxd8+ Rxd8 23. Nb7 Rf8 24. a3 Qh4 25. Qc7 Bf6 26. Bc5 Nd3 27. g3 Qg4 28. f4 Qh5 29. Bxf8 Bd4+ 30. Kg2 Qe2+ 31. Kh3 Nf2+ 32. Kg2 Ng4+ 33. Kh3 Qxh2+ 0-1

[Event "Wch U14"]
[Site "Florianopolis"]
[Date "2024.10.29"]
[Round "1"]
[White "Caballero, Tabare"]
[Black "Guillemette, Hugo"]
[Result "0-1"]
[WhiteElo "1675"]
[BlackElo "2100"]
[PlyCount "78"]
[EventDate "2024.10.29"]
[EventType "swiss"]
[EventRounds "11"]
[EventCountry "BRA"]
[SourceTitle "CB45_2024"]
[Source "ChessBase"]
[SourceDate "2024.11.06"]
[SourceVersion "1"]
[SourceVersionDate "2024.11.06"]
[SourceQuality "1"]

1. e4 c5 2. Nc3 e6 3. f4 d5 4. d3 Nc6 5. Nf3 Nf6 6. e5 Ng8 7. g3 Nh6 8. Bg2 Nf5 9. 0-0 h5 10. a3 Be7 11. Re1 a6 12. Ne2 Qb6 13. c3 Na5 14. Rb1 Bd7 15. Bh3 Nb3 16. Bxf5 exf5 17. Be3 h4 18. d4 c4 19. Nc1 hxg3 20. hxg3 Qg6 21. Kf2 Rh3 22. Rg1 0-0-0 23. Nxb3 Ba4 24. Qd2 Bxb3 25. Rg2 Rdh8 26. Rbg1 b5 27. Ke1 a5 28. Kf2 Qb6 29. Qe1 Bc2 30. Bd2 Be4 31. Qe3 R8h5 32. Qe1 Qg6 33. Ke3 Qg4 34. Qf2 g5 35. Ke2 gxf4 36. Bxf4 Bg5 37. Bxg5 Rxg5 38. Ke3 f4+ 39. gxf4 Rxf3+ 0-1

[Event "Titled Tuesday intern op 17th Sep Late"]
[Site "Chess,com INT"]
[Date "2024.09.17"]
[Round "7"]
[White "Meszaros, Gyorgy"]
[Black "Guillemette, Hugo"]
[Result "0-1"]
[WhiteElo "2200"]
[BlackElo "2099"]
[PlyCount "70"]
[EventDate "2024.09.17"]
[EventType "swiss (blitz)"]
[EventRounds "11"]
[EventCountry "USA"]
[SourceTitle "EXT 2025"]
[Source "ChessBase"]
[SourceDate "2024.10.14"]
[SourceVersion "1"]
[SourceVersionDate "2024.10.14"]
[SourceQuality "1"]

1. e4 c5 2. Nc3 e6 3. d3 Nc6 4. Be2 Nf6 5. g4 h6 6. h4 d5 7. Bf4 d4 8. Nb1 e5 9. Bg3 Bd6 10. Nd2 Be6 11. b3 b5 12. a4 a6 13. Nh3 Rb8 14. axb5 axb5 15. f3 h5 16. g5 Nd7 17. Kf2 Qc7 18. Kg2 Nf8 19. Rf1 Ng6 20. Rf2 Qd7 21. Ng1 f6 22. gxf6 gxf6 23. Nf1 Rg8 24. Kh2 f5 25. exf5 Bxf5 26. Rg2 Qe7 27. f4 exf4 28. Bxh5 fxg3+ 29. Nxg3 Qxh4+ 30. Nh3 Qxh3+ 31. Kg1 Bxg3 32. Qf3 Nce5 33. Qxg3 Qxh5 34. Re1 Kf7 35. Rf2 Nh4 0-1

[Event "Montreal op"]
[Site "Montreal"]
[Date "2024.09.15"]
[Round "4"]
[White "Guillemette, Hugo"]
[Black "Duong, Thanh Nha"]
[Result "0-1"]
[WhiteElo "2099"]
[BlackElo "2166"]
[PlyCount "162"]
[EventDate "2024.09.13"]
[EventType "swiss"]
[EventRounds "5"]
[EventCountry "CAN"]
[SourceTitle "EXT 2025"]
[Source "ChessBase"]
[SourceDate "2024.10.14"]
[SourceVersion "1"]
[SourceVersionDate "2024.10.14"]
[SourceQuality "1"]

1. e4 d6 2. d4 Nf6 3. Nc3 e5 4. Nf3 Nbd7 5. Bc4 Be7 6. 0-0 c6 7. a4 a5 8. b3 Qc7 9. Ba3 0-0 10. Re1 Nb6 11. Be2 Re8 12. h3 Bf8 13. Bf1 Be6 14. Qd2 Rad8 15. Rad1 Bc8 16. Qc1 Nbd7 17. Bd3 Qb6 18. Ne2 d5 19. Ng3 Bxa3 20. Qxa3 dxe4 21. Nxe4 Nxe4 22. Rxe4 exd4 23. Rxe8+ Rxe8 24. Nxd4 Nc5 25. Bc4 Ne4 26. Qc1 Bf5 27. Qf4 Bg6 28. Ne2 Nf6 29. Rd2 h6 30. Ng3 Qb4 31. Qd4 Kh7 32. Bd3 Re1+ 33. Kh2 Qxd4 34. Bxg6+ Kxg6 35. Rxd4 h5 36. f3 Rc1 37. Rc4 Nd5 38. Ne2 Re1 39. Nf4+ Nxf4 40. Rxf4 Re2 41. Rc4 Kf6 42. h4 Ke6 43. Kg3 Kd5 44. f4 Re3+ 45. Kh2 Re4 46. Rc3 Rxf4 47. g3 Rf2+ 48. Kh3 Re2 49. Rd3+ Ke6 50. Rd8 Rxc2 51. Rb8 f6 52. Rxb7 g6 53. Ra7 Rc5 54. Kg2 Kf5 55. Kh3 g5 56. hxg5 fxg5 57. Rf7+ Kg6 58. Rf8 Rc3 59. Rg8+ Kf6 60. Rf8+ Kg7 61. Rf5 Kg6 62. Rxa5 h4 63. b4 Rxg3+ 64. Kh2 Rb3 65. Rc5 Rxb4 66. Rxc6+ Kh5 67. a5 Ra4 68. a6 Kg4 69. Kg2 Ra2+ 70. Kh1 h3 71. Rb6 Kg3 72. Rb3+ Kh4 73. Rb4+ g4 74. Rb1 Rxa6 75. Kg1 Ra3 76. Rc1 Kg3 77. Kh1 Kf3 78. Rf1+ Ke2 79. Rg1 g3 80. Rb1 Rd3 81. Rb2+ Rd2 0-1

[Event "Montreal op"]
[Site "Montreal"]
[Date "2024.09.15"]
[Round "5"]
[White "Singher, Jean Pierre"]
[Black "Guillemette, Hugo"]
[Result "1/2-1/2"]
[WhiteElo "1905"]
[BlackElo "2099"]
[PlyCount "82"]
[EventDate "2024.09.13"]
[EventType "swiss"]
[EventRounds "5"]
[EventCountry "CAN"]
[SourceTitle "EXT 2025"]
[Source "ChessBase"]
[SourceDate "2024.10.14"]
[SourceVersion "1"]
[SourceVersionDate "2024.10.14"]
[SourceQuality "1"]

1. d4 Nf6 2. Nf3 e6 3. c4 b6 4. g3 Ba6 5. b3 Bb4+ 6. Bd2 Be7 7. Bg2 0-0 8. Nc3 d5 9. cxd5 exd5 10. 0-0 Re8 11. Re1 Nbd7 12. Ne5 Bb7 13. Bg5 Nf8 14. Rc1 Ne6 15. Bxf6 Bxf6 16. f4 c5 17. dxc5 Nxc5 18. b4 Ne4 19. Nxe4 dxe4 20. Nc6 Bxc6 21. Rxc6 Bd4+ 22. Kh1 Qd5 23. Qc2 Bc5 24. Qa4 Bf2 25. Rd1 Qh5 26. Qb3 Qxe2 27. Rc7 Qh5 28. Rdd7 Rf8 29. Bxe4 Qe2 30. Qd3 Qe1+ 31. Kg2 Rae8 32. Bxh7+ Kh8 33. Rxf7 Rxf7 34. Rxf7 Bg1 35. Kh3 Qf2 36. Be4 Qxh2+ 37. Kg4 Qxa2 38. Bg6 Qe6+ 39. Qf5 Qxf5+ 40. Rxf5 Rd8 41. b5 Kg8 1/2-1/2

[Event "Titled Tuesday intern op 10th Sep Late"]
[Site "Chess,com INT"]
[Date "2024.09.10"]
[Round "8"]
[White "Guillemette, Hugo"]
[Black "Garg, Priyansh"]
[Result "1-0"]
[WhiteElo "2099"]
[BlackElo "2041"]
[PlyCount "125"]
[EventDate "2024.09.10"]
[EventType "swiss (blitz)"]
[EventRounds "11"]
[EventCountry "USA"]
[SourceTitle "EXT 2025"]
[Source "ChessBase"]
[SourceDate "2024.10.14"]
[SourceVersion "1"]
[SourceVersionDate "2024.10.14"]
[SourceQuality "1"]

1. d4 d5 2. c4 c6 3. Nf3 Nf6 4. e3 Bf5 5. Nc3 e6 6. Be2 Bb4 7. 0-0 0-0 8. Bd2 Nbd7 9. a3 Bxc3 10. Bxc3 Ne4 11. Be1 a5 12. c5 b6 13. b4 axb4 14. axb4 b5 15. h3 Bg6 16. Nh2 Rxa1 17. Qxa1 Qa8 18. Qb2 Qa4 19. f3 Nef6 20. Bc3 Qc2 21. Qxc2 Bxc2 22. Ra1 Ba4 23. Ng4 Nxg4 24. hxg4 Ra8 25. Bd1 Ra6 26. f4 Nb8 27. Be2 Bc2 28. Kf2 Rxa1 29. Bxa1 f6 30. Ke1 Be4 31. g3 Nd7 32. Kd2 Kf7 33. Kc3 e5 34. Kd2 g6 35. Bb2 Ke6 36. Bc1 exd4 37. exd4 f5 38. Ke3 Nf6 39. gxf5+ gxf5 40. Kf2 Bc2 41. Bf3 Be4 42. Be2 Bb1 43. Bf3 Ba2 44. Bd2 Bb3 45. Be1 Bc2 46. Ke3 Be4 47. Bd1 Kd7 48. Bc3 h5 49. Be1 Ke7 50. Bf2 Kf7 51. Be1 Kg6 52. Bf2 Nh7 53. Be1 Nf8 54. Bf2 Ne6 55. Be1 Nc7 56. Bc3 Ne6 57. Be1 Nf8 58. Bc3 Nd7 59. Kf2 Nf6 60. Ke3 Bb1 61. Bf3 Bc2 62. Be2 Ne4 63. Be1 1-0

[Event "Titled Tuesday intern op 10th Sep Late"]
[Site "Chess,com INT"]
[Date "2024.09.10"]
[Round "10"]
[White "Guillemette, Hugo"]
[Black "Osmonbekov, Talaibek D"]
[Result "1-0"]
[WhiteElo "2099"]
[BlackElo "2109"]
[PlyCount "75"]
[EventDate "2024.09.10"]
[EventType "swiss (blitz)"]
[EventRounds "11"]
[EventCountry "USA"]
[SourceTitle "EXT 2025"]
[Source "ChessBase"]
[SourceDate "2024.10.14"]
[SourceVersion "1"]
[SourceVersionDate "2024.10.14"]
[SourceQuality "1"]

1. d4 e6 2. c4 f5 3. Nc3 Bb4 4. g3 Nf6 5. Bg2 0-0 6. a3 Bxc3+ 7. bxc3 d6 8. Nf3 Nc6 9. 0-0 e5 10. d5 Na5 11. Nd2 b6 12. Qa4 Bd7 13. Qc2 Qe8 14. f3 Qg6 15. e4 fxe4 16. fxe4 Ng4 17. Qd3 Rxf1+ 18. Nxf1 Nb3 19. Rb1 Nc5 20. Qe2 Na4 21. Bd2 Rf8 22. Be1 h5 23. h3 Nf6 24. Kh2 Nc5 25. Nd2 Nh7 26. Bf2 Na4 27. Rc1 Qf7 28. Nf3 a5 29. Be3 Qg6 30. Nh4 Qe8 31. Bf3 Nf6 32. Ng2 Qg6 33. Nh4 Qh7 34. Bf2 Nxe4 35. Bxe4 Rxf2+ 36. Qxf2 Qxe4 37. Rf1 Nc5 38. Qf7+ 1-0

[Event "Titled Tuesday intern op 03rd Sep Late"]
[Site "Chess.com INT"]
[Date "2024.09.03"]
[Round "9"]
[White "Guillemette, Hugo"]
[Black "Bestard Borras, Miguel"]
[Result "1-0"]
[WhiteElo "2099"]
[BlackElo "2113"]
[PlyCount "77"]
[EventDate "2024.09.03"]
[EventType "swiss (blitz)"]
[EventRounds "11"]
[EventCountry "USA"]
[SourceTitle "EXT 2025"]
[Source "ChessBase"]
[SourceDate "2024.10.14"]
[SourceVersion "1"]
[SourceVersionDate "2024.10.14"]
[SourceQuality "1"]

1. d4 d5 2. c4 c6 3. Nf3 Nf6 4. e3 Bf5 5. Nc3 a6 6. Qb3 Ra7 7. Ne5 e6 8. Bd2 Be7 9. Be2 Nbd7 10. f4 Nxe5 11. dxe5 Ne4 12. Nxe4 Bxe4 13. 0-0-0 b5 14. cxb5 axb5 15. Bf3 Bxf3 16. gxf3 Qa5 17. Bxa5 Rxa5 18. Rhg1 0-0 19. e4 Rfa8 20. a3 b4 21. axb4 Rb5 22. f5 Rxb4 23. Qc3 Rc4 24. f6 Rxc3+ 25. bxc3 Ba3+ 26. Kc2 g6 27. Ra1 Ra7 28. Rgb1 h5 29. Rb8+ Kh7 30. Rb3 Bc5 31. Rxa7 Bxa7 32. Rb7 Be3 33. Rxf7+ Kh6 34. Re7 g5 35. Rxe6 Kg6 36. Rxc6 d4 37. Kd3 g4 38. cxd4 g3 39. hxg3 1-0

[Event "Titled Tuesday intern op 03rd Sep Late"]
[Site "Chess.com INT"]
[Date "2024.09.03"]
[Round "4"]
[White "Mendes, Aaron Reeve"]
[Black "Guillemette, Hugo"]
[Result "1-0"]
[WhiteElo "2320"]
[BlackElo "2099"]
[PlyCount "93"]
[EventDate "2024.09.03"]
[EventType "swiss (blitz)"]
[EventRounds "11"]
[EventCountry "USA"]
[SourceTitle "EXT 2025"]
[Source "ChessBase"]
[SourceDate "2024.10.14"]
[SourceVersion "1"]
[SourceVersionDate "2024.10.14"]
[SourceQuality "1"]

1. Nf3 c5 2. e3 Nf6 3. b3 b6 4. Bb2 Bb7 5. d4 cxd4 6. exd4 e6 7. Nbd2 Be7 8. Bd3 d6 9. 0-0 0-0 10. c4 Nbd7 11. Re1 d5 12. a3 Rc8 13. Qc2 h6 14. Rac1 Ba6 15. Qb1 Nb8 16. Ne5 Nc6 17. Nxc6 Rxc6 18. Nf3 dxc4 19. bxc4 Bb7 20. Ne5 Rc8 21. h3 Nd7 22. Red1 Nxe5 23. dxe5 Qc7 24. Be2 Bg5 25. Rc2 Be4 26. Bd3 Bxd3 27. Rxd3 Rfd8 28. Qd1 Rxd3 29. Qxd3 Rd8 30. Qe4 Qc5 31. Kh2 Rd1 32. g3 g6 33. h4 Be7 34. h5 g5 35. Kg2 Kg7 36. Qf3 Rd8 37. Qe2 Qa5 38. Rc3 Bc5 39. Qf3 Be7 40. Qb7 Kf8 41. Rf3 Qd2 42. Bc3 Qa2 43. Bb4 Re8 44. Qc7 Qe2 45. Bxe7+ Rxe7 46. Qd8+ Re8 47. Qf6 1-0

[Event "Titled Tuesday intern op 27th Aug Late"]
[Site "Chess.com INT"]
[Date "2024.08.27"]
[Round "10"]
[White "Rees, Ioan"]
[Black "Guillemette, Hugo"]
[Result "1-0"]
[WhiteElo "2251"]
[BlackElo "2099"]
[PlyCount "134"]
[EventDate "2024.08.27"]
[EventType "swiss (blitz)"]
[EventRounds "11"]
[EventCountry "USA"]
[SourceTitle "EXT 2025"]
[Source "ChessBase"]
[SourceDate "2024.10.14"]
[SourceVersion "1"]
[SourceVersionDate "2024.10.14"]
[SourceQuality "1"]

1. d4 Nf6 2. Bf4 e6 3. e3 c5 4. Nf3 Nc6 5. c3 Be7 6. Nbd2 Nh5 7. Be5 d6 8. g4 dxe5 9. dxe5 Qc7 10. Nc4 Nf6 11. exf6 gxf6 12. Bg2 e5 13. h3 Be6 14. b3 Rd8 15. Qe2 Na5 16. Nxa5 Qxa5 17. Qc2 c4 18. 0-0 h5 19. Nd2 hxg4 20. hxg4 cxb3 21. axb3 Qb6 22. Nc4 Qc7 23. Qe4 b5 24. Qc6+ Qxc6 25. Bxc6+ Kf8 26. Bxb5 Bxg4 27. f3 Bf5 28. b4 Rg8+ 29. Kf2 Bd3 30. Rg1 Rh8 31. Rad1 f5 32. Rh1 Rg8 33. Na3 e4 34. Bxd3 exd3 35. Nb5 Bf6 36. Nd4 f4 37. Rxd3 fxe3+ 38. Kxe3 Rg2 39. f4 Rg3+ 40. Kd2 Rg2+ 41. Kc1 Rc8 42. Nb5 a6 43. Nd4 Bxd4 44. Rxd4 Rxc3+ 45. Kd1 Ra3 46. Rc4 Rb3 47. Rh8+ Kg7 48. Rhc8 Rbb2 49. Rc2 Rb1+ 50. Rc1 Rg1+ 51. Kd2 Rbxc1 52. Rxc1 Rxc1 53. Kxc1 Kf6 54. Kd2 Kf5 55. Ke3 Ke6 56. Ke4 f5+ 57. Ke3 Kd6 58. Kd4 Kc6 59. Ke5 Kb5 60. Kxf5 Kxb4 61. Ke6 a5 62. f5 a4 63. f6 a3 64. f7 a2 65. f8Q+ Kb3 66. Qh8 Ka3 67. Qa1 Kb3 1-0

[Event "Titled Tuesday intern op 20th Aug Late"]
[Site "Chess.com INT"]
[Date "2024.08.20"]
[Round "7"]
[White "Guillemette, Hugo"]
[Black "Kohler, Aran"]
[Result "0-1"]
[WhiteElo "2099"]
[BlackElo "2047"]
[PlyCount "70"]
[EventDate "2024.08.20"]
[EventType "swiss (blitz)"]
[EventRounds "11"]
[EventCountry "USA"]
[SourceTitle "EXT 2025"]
[Source "ChessBase"]
[SourceDate "2024.10.14"]
[SourceVersion "1"]
[SourceVersionDate "2024.10.14"]
[SourceQuality "1"]

1. d4 d5 2. c4 c6 3. Nf3 Nf6 4. e3 Bg4 5. Nc3 e6 6. h3 Bh5 7. Be2 Nbd7 8. Qb3 Qb6 9. c5 Qc7 10. g4 Bg6 11. Qa3 b6 12. b4 a5 13. Rb1 Ra7 14. bxa5 bxc5 15. Qa4 Rxa5 16. Qb3 Bxb1 17. Nxb1 c4 18. Qc2 Bb4+ 19. Bd2 Bxd2+ 20. Nfxd2 0-0 21. Nc3 Rb8 22. 0-0 c5 23. Nf3 cxd4 24. Nxd4 Nc5 25. f3 Qg3+ 26. Kh1 Qxh3+ 27. Kg1 Qg3+ 28. Kh1 Nd3 29. Bxd3 cxd3 30. Qxd3 Rb2 31. Nce2 Qh3+ 32. Kg1 Raxa2 33. Rc1 g6 34. Rc8+ Kg7 35. g5 Ra1+ 0-1

[Event "Titled Tuesday intern op 20th Aug Late"]
[Site "Chess.com INT"]
[Date "2024.08.20"]
[Round "6"]
[White "Guillemette, Hugo"]
[Black "Rees, Ioan"]
[Result "1/2-1/2"]
[WhiteElo "2099"]
[BlackElo "2251"]
[PlyCount "67"]
[EventDate "2024.08.20"]
[EventType "swiss (blitz)"]
[EventRounds "11"]
[EventCountry "USA"]
[SourceTitle "EXT 2025"]
[Source "ChessBase"]
[SourceDate "2024.10.14"]
[SourceVersion "1"]
[SourceVersionDate "2024.10.14"]
[SourceQuality "1"]

1. d4 d5 2. c4 c6 3. Nf3 Nf6 4. Nc3 e6 5. e3 Nbd7 6. Qc2 Bd6 7. Bd3 0-0 8. 0-0 dxc4 9. Bxc4 b5 10. Bd3 Bb7 11. e4 e5 12. dxe5 Nxe5 13. Nxe5 Bxe5 14. Be3 a6 15. h3 Re8 16. Rad1 Qe7 17. Ne2 Bc7 18. Nd4 Nxe4 19. Nxc6 Qd6 20. g3 Qxc6 21. Qxc6 Bxc6 22. Rc1 Bxg3 23. Rxc6 Bh4 24. Rfc1 Ng5 25. Kg2 Ne6 26. Bf5 Bf6 27. b3 g6 28. Bxe6 Rxe6 29. Rxe6 fxe6 30. Rc6 Kf7 31. Rc7+ Kg8 32. Rc6 Kf7 33. Rc7+ Kg8 34. Rc6 1/2-1/2

[Event "Titled Tuesday intern op 20th Aug Late"]
[Site "Chess.com INT"]
[Date "2024.08.20"]
[Round "9"]
[White "Prada Villagrasa, Pau Manel"]
[Black "Guillemette, Hugo"]
[Result "0-1"]
[WhiteElo "2022"]
[BlackElo "2099"]
[PlyCount "114"]
[EventDate "2024.08.20"]
[EventType "swiss (blitz)"]
[EventRounds "11"]
[EventCountry "USA"]
[SourceTitle "EXT 2025"]
[Source "ChessBase"]
[SourceDate "2024.10.14"]
[SourceVersion "1"]
[SourceVersionDate "2024.10.14"]
[SourceQuality "1"]

1. e4 e5 2. Nf3 Nc6 3. d4 exd4 4. Nxd4 Bc5 5. Nb3 Bb6 6. Nc3 Nf6 7. Qe2 d6 8. Be3 Bxe3 9. Qxe3 Qe7 10. 0-0-0 Be6 11. Bd3 0-0-0 12. h3 Rhe8 13. Rhe1 Kb8 14. f4 Nd7 15. Bb5 Nb6 16. Bxc6 bxc6 17. Na5 Bd7 18. Qf3 Qf6 19. g4 g5 20. f5 Re5 21. Nb3 c5 22. Nd5 Nxd5 23. exd5 Rde8 24. Qc3 Qe7 25. Rf1 Re3 26. Qc4 Qe4 27. Qxe4 R8xe4 28. Rh1 f6 29. Rd3 Bb5 30. Rxe3 Rxe3 31. Rh2 Bc4 32. Kd2 Re5 33. Kc3 Bxd5 34. h4 Re4 35. hxg5 fxg5 36. Rxh7 Rxg4 37. Rg7 Rg3+ 38. Kd2 g4 39. f6 Rg2+ 40. Ke1 Rxc2 41. f7 Bxf7 42. Rxf7 Rxb2 43. Rf2 Rb1+ 44. Ke2 c4 45. Nd4 c5 46. Ne6 Rb2+ 47. Ke3 c3 48. Nf4 g3 49. Rg2 Rxg2 50. Nxg2 c2 51. Kd2 d5 52. Kxc2 Kc7 53. Kd3 Kd6 54. Nf4 Ke5 55. Ng2 d4 56. Kc4 Ke4 57. Kxc5 d3 0-1